<?xml version="1.0" encoding="UTF-8"?>
<record
    xmlns:xsi="http://www.w3.org/2001/XMLSchema-instance"
    xsi:schemaLocation="http://www.loc.gov/MARC21/slim http://www.loc.gov/standards/marcxml/schema/MARC21slim.xsd"
    xmlns="http://www.loc.gov/MARC21/slim">

  <leader>00815cam a22002772i 4500</leader>
  <controlfield tag="001">977484</controlfield>
  <controlfield tag="003">YEEZEN</controlfield>
  <controlfield tag="005">20260106133955.0</controlfield>
  <controlfield tag="008">251013s2025    ch     e      000 0 chi d</controlfield>
  <datafield tag="020" ind1=" " ind2=" ">
    <subfield code="a">9786264175364</subfield>
    <subfield code="q">(&#x5E73;&#x88DD;) :</subfield>
    <subfield code="c">NT$500</subfield>
  </datafield>
  <datafield tag="040" ind1=" " ind2=" ">
    <subfield code="a">CIP</subfield>
    <subfield code="d">YMG</subfield>
    <subfield code="b">chi</subfield>
    <subfield code="c">YMG</subfield>
  </datafield>
  <datafield tag="042" ind1=" " ind2=" ">
    <subfield code="a">nbic</subfield>
  </datafield>
  <datafield tag="084" ind1=" " ind2=" ">
    <subfield code="a">525.833/101</subfield>
    <subfield code="2">ncsclt</subfield>
  </datafield>
  <datafield tag="090" ind1=" " ind2=" ">
    <subfield code="a">525.833/101</subfield>
    <subfield code="b">8923</subfield>
  </datafield>
  <datafield tag="100" ind1="1" ind2=" ">
    <subfield code="a">&#x6731;&#x4E59;&#x771F;</subfield>
  </datafield>
  <datafield tag="245" ind1="1" ind2="0">
    <subfield code="a">&#x4E00;&#x4EE3;&#x85E5;&#x5B78;&#x4EBA;&#x7684;&#x7A81;&#x570D; :</subfield>
    <subfield code="b">&#x5317;&#x91AB;&#x85E5;&#x5B78;&#x7684;&#x69AE;&#x8000;&#x958B;&#x5275; /</subfield>
    <subfield code="c">&#x6731;&#x4E59;&#x771F;, &#x90B5;&#x51B0;&#x5982;, &#x9673;&#x57F9;&#x601D;, &#x9EC3;&#x7B71;&#x73EE;&#x8457;</subfield>
  </datafield>
  <datafield tag="250" ind1=" " ind2=" ">
    <subfield code="a">&#x7B2C;&#x4E00;&#x7248;</subfield>
  </datafield>
  <datafield tag="260" ind1=" " ind2=" ">
    <subfield code="a">&#x81FA;&#x5317;&#x5E02; :</subfield>
    <subfield code="b">&#x9060;&#x898B;&#x5929;&#x4E0B;&#x6587;&#x5316;,</subfield>
    <subfield code="c">2025.08</subfield>
  </datafield>
  <datafield tag="300" ind1=" " ind2=" ">
    <subfield code="a">239&#x9762; :</subfield>
    <subfield code="b">&#x5F69;&#x5716; ;</subfield>
    <subfield code="c">23&#x516C;&#x5206;</subfield>
  </datafield>
  <datafield tag="610" ind1="2" ind2="7">
    <subfield code="2">lcstt</subfield>
    <subfield code="a">&#x81FA;&#x5317;&#x91AB;&#x5B78;&#x5927;&#x5B78;</subfield>
    <subfield code="b">&#x85E5;&#x5B78;&#x7CFB;</subfield>
  </datafield>
  <datafield tag="650" ind1=" " ind2="7">
    <subfield code="2">lcstt</subfield>
    <subfield code="a">&#x4EBA;&#x7269;&#x5FD7;</subfield>
  </datafield>
  <datafield tag="700" ind1="1" ind2=" ">
    <subfield code="a">&#x90B5;&#x51B0;&#x5982;</subfield>
  </datafield>
  <datafield tag="700" ind1="1" ind2=" ">
    <subfield code="a">&#x9673;&#x57F9;&#x601D;</subfield>
  </datafield>
  <datafield tag="700" ind1="1" ind2=" ">
    <subfield code="a">&#x9EC3;&#x7B71;&#x73EE;</subfield>
  </datafield>
  <datafield tag="942" ind1=" " ind2=" ">
    <subfield code="2">ccl</subfield>
    <subfield code="c">BOOK</subfield>
  </datafield>
  <datafield tag="999" ind1=" " ind2=" ">
    <subfield code="c">7677</subfield>
    <subfield code="d">7677</subfield>
  </datafield>
  <datafield tag="952" ind1=" " ind2=" ">
    <subfield code="0">0</subfield>
    <subfield code="1">0</subfield>
    <subfield code="2">ccl</subfield>
    <subfield code="4">0</subfield>
    <subfield code="7">0</subfield>
    <subfield code="a">yeezen</subfield>
    <subfield code="b">yeezen</subfield>
    <subfield code="c">YEEZEN</subfield>
    <subfield code="d">2026-01-06</subfield>
    <subfield code="l">0</subfield>
    <subfield code="o">525.833/101</subfield>
    <subfield code="p">C03263</subfield>
    <subfield code="r">2026-01-06 00:00:00</subfield>
    <subfield code="w">2026-01-06</subfield>
    <subfield code="y">BOOK</subfield>
    <subfield code="z">&#x5728;&#x53F0;&#x7063;&#x88FD;&#x85E5;&#x7522;&#x696D;&#x7684;&#x767C;&#x5C55;&#x6B77;&#x7A0B;&#x4E2D;&#xFF0C;&#x6709;&#x4E00;&#x7FA4;&#x4EBA;&#x4EE5;&#x85E5;&#x5B78;&#x5C08;&#x696D;&#x70BA;&#x57FA;&#x790E;&#xFF0C;&#x52C7;&#x65BC;&#x884C;&#x52D5;&#x3001;&#x6301;&#x7E8C;&#x7A81;&#x570D;&#x3002;&#x4ED6;&#x5011;&#x4E0D;&#x50C5;&#x958B;&#x5275;&#x5C6C;&#x65BC;&#x81EA;&#x5DF1;&#x7684;&#x7CBE;&#x91C7;&#x4EBA;&#x751F;&#xFF0C;&#x4E5F;&#x52FE;&#x52D2;&#x51FA;&#x53F0;&#x7063;&#x751F;&#x6280;&#x88FD;&#x85E5;&#x7522;&#x696D;&#x7684;&#x767C;&#x5C55;&#x8ECC;&#x8DE1;&#xFF0C;&#x66F4;&#x91CD;&#x65B0;&#x5B9A;&#x7FA9;&#x300C;&#x85E5;&#x5B78;&#x300D;&#x7684;&#x793E;&#x6703;&#x89D2;&#x8272;&#x8207;&#x7522;&#x696D;&#x8CAC;&#x4EFB;&#x3002;</subfield>
  </datafield>
</record>
